|
|
|
|
| LEADER |
00000nab#a22000007a#4500 |
| 001 |
arbauad004109 |
| 003 |
AR-BaUAD |
| 005 |
20250711110621.0 |
| 008 |
940413|||||||||###||||||b###|0###a|spa|| |
| 040 |
|
|
|a AR-BaUAD
|c AR-BaUAD
|b spa
|
| 245 |
1 |
0 |
|a Colección Action Office 2 y la oficina moderna
|
| 300 |
0 |
|
|b fot., il., plantas
|
| 653 |
|
|
|a ARQUITECTURA
|
| 653 |
|
|
|a DISEÑO DE INTERIORES
|
| 653 |
|
|
|a PANELES
|
| 653 |
|
|
|a EQUIPAMIENTO
|
| 653 |
|
|
|a OFICINAS
|
| 653 |
|
|
|a HERMAN MILLER
|
| 773 |
0 |
|
|t SUMMA
|g no. 42 [oct. 1971], p. 61-66
|
| 942 |
|
|
|c ARTI
|
| 952 |
|
|
|0 0
|1 0
|4 0
|7 0
|9 49029
|a AR-BAuAD
|b AR-BAuAD
|d 2025-07-11
|l 0
|p AAQA004109
|r 2025-07-11 11:06:21
|w 2025-07-11
|y ARTI
|
| 990 |
|
|
|a AQ197
|b TD
|
| 998 |
|
|
|a AAQ
|b BIBUN76
|
| 999 |
|
|
|c 28702
|d 28702
|